000 01251nam a22003617a 4500
003 CHAP
005 20220329133832.0
008 971013s1985 r 00010 d
010 _a11573
011 _a12545
035 _a15731
040 _cCHAP
082 _a636.08
_bM38
100 0 0 _aMaton, André.
_973032
245 _aHousing of animals
_b: construction and equipment of animal houses
260 _aAmsterdam :
_bElsevier,
_c1985
300 _a458 p.
_b: ilus.
490 _aDevelopments in agriculural engineering
_v; 6
500 _aD14-87
590 _aBATCH-UPD
_b10
_c20130109
_lUCH01
_h2336
590 _aBATCH-UPD
_b10
_c20130110
_lUCH01
_h1809
590 _aBATCH-UPD
_b10
_c20130410
_lUCH01
_h1144
590 _aBATCH-UPD
_b10
_c20130914
_lUCH01
_h1139
590 _aCONVERSION
_b10
_c20130109
_lUCH01
_h1308
650 1 4 _aAnimales domesticos
_xAlojamiento.
_95891
700 0 _aDaelemans, J.
_930876
700 0 _aLambrecht, J.
_964573
830 0 _aDevelopments in agriculural engineering
_v; 6
_932273
901 _aBK
942 _cLIBRO
949 _a636.08 M38
_bBC
_cLIBRO
_d33724000260501
_eLIBRO
_gI.136158
_h70055
_i15731
_si
_t83.40
949 _a636.08 M38
_bBC
_cLIBRO
_d33724000260519
_eLIBRO
_fc.2
_gI.149341
_h77505
_i15731
_si
_t415.00
999 _c11573
_d11573